Normal view
MARC view
Entry Personal Name
001 - CONTROL NUMBER
- control field: 45070
003 - CONTROL NUMBER IDENTIFIER
- control field: ARRUPE
005 - DATE AND TIME OF LATEST TRANSACTION
- control field: 20190307103414.0
008 - FIXED-LENGTH DATA ELEMENTS
- fixed length control field: 190307|| aca||aabn | a|a d
040 ## - CATALOGING SOURCE
- Original cataloging agency: ARRUPE
- Transcribing agency: ARRUPE
100 ## - HEADING--PERSONAL NAME
- Personal name: Pattillo, Catherine A.
- Fuller form of name: (Catherine Anne)
670 ## - SOURCE DATA FOUND
- Source citation: Work cat.: (ARRUPE)0: Gulde, Anne-Marie. 41026, Sub-Saharan Africa :, c2006.